Statistiken für Champions League Topscorer 2002/03

Klicken Sie hier um das Quiz zu spielen!

Allgemein

  • Dieses Quiz wurde 13 mal gespielt
  • Das Durchschnittsergebnis liegt bei 12 aus 21

Antwortstatistiken

RangNationVereinToreAntwort% Korrekt
9EnglandNewcastle United6Alan Shearer
92%
2ItalienAC Milan10Filippo Inzaghi
92%
3SpanienReal Madrid9Raul
92%
7FrankreichArsenal7Thierry Henry
92%
9BrasilienReal Madrid6Ronaldo
83%
1NiederlandeManchester United12Ruud van Nistelrooy
83%
11SchwedenAjax5Zlatan Ibrahimovic
83%
6TschechienBVB8Jan Koller
75%
11TschechienJuventus5Pavel Nedved
75%
11ItalienJuventus5Alessandro del Piero
67%
3NiederlandeDep. La Coruna9Roy Makaay
67%
11WalesManchester United5Ryan Giggs
67%
11NiederlandeBarcelona5Patrick Kluivert
58%
3ArgentinienInter9Hernan Crespo
42%
11NorwegenValencia5John Carew
42%
11ArgentinienFC Basel5Julio Rossi
42%
7ArgentinienBarcelona7Javier Saviola
25%
11SpanienReal Madrid5Guti
17%
11ArgentinienFC Basel5Christian Gimenez
8%
11BrasilienOL Lyon5Sonny Anderson
8%
11NigeriaMaccabi Haifa5Yakubu Ayegbeni
0%

Verteilung der Resultate

Perzentil nach korrekt beantworteten Fragen

Anzahl Personen mit jedem Resultat

Ihre Resultats-Entwicklung

Sie haben dieses Quiz noch nicht gespielt